000 00801nam a2200277Ia 4500
003 OSt
005 20221006144146.0
006 a|||||r|||| 00| 0
007 ta
008 221006b |||||||| |||| 00| 0 eng d
020 _c200.00
024 _a11,021
037 _cTextual
040 _aEASL
_cEASL
_beng
041 _2eng
_aeng
082 _aR6y7N24, M6
100 _aBALASUBRAMANIAN R Ed.
245 0 _aFreedom, progress and society
_b Essays in honour of Professor K. Satchidananda Murty
260 _aDelhi
_bMotilal Banarsidass
_c1986
300 _a391p.
_ccm.
490 _v Gen
650 _aGen
700 _a BHATTACHARYYA Sibajiban Ed.
942 _hR6y7N24, M6
_cTEXL
_2CC
999 _c1079107
_d1079107